Visual productions of knowledge : toward a different Middle East /

محفوظ في:

مؤلفون آخرون: Sabea, Hanan, Westmoreland, Mark R., Abaza, Mona.

التنسيق: كتاب

اللغة: English

منشور في: Cairo : The American University in Cairo Press, [2012].

سلاسل: Cairo Papers in Social Science ; 31/3-4.
Cairo Papers ; 31/3-4.

الموضوعات:

الوسوم: إضافة وسم

لا توجد وسوم, كن أول من يضع وسما على هذه التسجيلة!

رقم الطلب: H1 .C21 v.31/3-4

LEADER 01415namaa2200385 4500
001 22315
003 OSt
005 20250807101512.0
008 130303s2012 ua a g b 000 0 eng d
020 |a 9789774165092 
040 |c ARCE Library 
041 0 |a eng  |b ara  
043 |a aw-----  
050 4 |a H1 .C21 v.31/3-4 
245 0 0 |a Visual productions of knowledge :   |b toward a different Middle East /   |c edited by Hanan Sabea, Mark R. Westmoreland ; contributors, Mona Abaza [and nine others].  
264 1 |a Cairo :   |b The American University in Cairo Press,   |c [2012]. 
300 |a 232 pages :   |b illustrations ;   |c 22 cm.  
490 1 |a Cairo Papers in Social Science ;   |v 31/3-4. 
490 1 |a Cairo Papers ;   |v 31/3-4. 
500 |a "Fall/winter 2008." 
504 |a Includes bibliographical references.  
546 |a Text in English ; summary and added title page in Arabic.  
555 |a Nabil 
650 0 |a Visual sociology  |z Middle East.  
650 0 |a Visual anthropology  |z Middle East. 
650 0 |a Visual communication  |x Political aspects  |z Middle East.  
650 0 |a Visual communication   |x Social aspects   |z Middle East. 
700 1 |a Sabea, Hanan,   |9 38877 
700 1 |a Westmoreland, Mark R.   |9 42101 
700 1 |a Abaza, Mona.  
830 0 |a Cairo Papers in Social Science ;   |v 31/3-4. 
830 0 |a Cairo Papers ;   |v 31/3-4. 
901 |a reviewed 
942 |c BK  |2 lcc 
999 |c 21304  |d 21304